Дело об отсылке денег в разные присутственные места: Опекунский совет, Академию Наук и другие

Доступно только в Электронных читальных залах Найти на картеНа карте
RUSMARC
00004201nmc2a22000003x 450
00111c0c9ad-9f1c-4a68-a8bb-db258c61924f
00520181126182227.0
100##$a20161226l18221823k l0rusy0189 ca
1010#$arus
102##$aRU
2001#$aДело об отсылке денег в разные присутственные места: Опекунский совет, Академию Наук и другие
$j9 января 1822 г. - 27 февраля 1823 г.
251##$cДело
300##$aДело
300##$aОриг. заголовок дела: Дело о доставленных деньгах в разные присутственные места, как то: Опекунский совет, Академию Наук и господину санкт-петербургскому обер-полицмейстеру деньгами. 9 января 1822 г. - 27 февраля 1823 г
801#0$aRU
$bРГИА
$c20161226
$gRCR
801#1$aRU
$bГлавНИВЦ
$c20161226
$2rusmarc
801#2$aRU
$bПБ им. Б.Н. Ельцина
$c20181126
$gRCR
$2rusmarc
850##$aРГИА
852##$aРГИА
$eФедеральное казенное учреждение "Российский государственный исторический архив" (РГИА)
$j2293
937##$hРГИА
$d12236540
$aASBIBLIO_SCAN
462#0$1001dd3991dc-24e1-42ec-8838-ca4255420416
$12001
$a1746-1850 гг.
$1251
$cОпись
$1852
$j1
461#0$10019264ebf8-de62-4f1a-9eb4-9f22098dbbd5
$12001
$aДирекция императорских театров МИДв
$1251
$cФонд
$1852
$j497
215##$a40 л.
$d36,5х26 см
371##$aДокумент не является опубликованным и широко распространяемым
105##$ay###
1222#$ad
5171#$aДело о доставленных деньгах в разные присутственные места, как то: Опекунский совет, Академию Наук и господину санкт-петербургскому обер-полицмейстеру деньгами. 9 января 1822 г. - 27 февраля 1823 г
035##$a11c0c9ad-9f1c-4a68-a8bb-db258c61924f
856##$uhttp://readingroom.main.prlib.ru/item.aspx?id_node=n120995220&mode=full
Формат отображения